Historia del insigne convento de San Pablo, de la ciudad de Burgos y de sus ilustres hijos / (Record no. 26847)

MARC details
000 -LEADER
campo de control de longitud fija 00598nam a2200181 i 4500
001 - NÚMERO DE CONTROL
campo de control 26847
003 - IDENTIFICADOR DE NÚMERO DE CONTROL
campo de control ES-MaACL
005 - FECHA Y HORA DE LA ÚLTIMA TRANSACCIÓN
campo de control 20230906153518.0
007 - CAMPO FIJO DE DESCRIPCIÓN FÍSICA--INFORMACIÓN GENERAL
campo de control de longitud fija t|
008 - DATOS DE LONGITUD FIJA--INFORMACIÓN GENERAL
campo de control de longitud fija 030110s1972 sp ||||1| spa d
100 1# - ENTRADA PRINCIPAL--NOMBRE DE PERSONA
Nombre de persona Arriaga, Gonzalo de.
9 (RLIN) 23273
245 10 - MENCIÓN DEL TÍTULO
Título Historia del insigne convento de San Pablo, de la ciudad de Burgos y de sus ilustres hijos /
Mención de responsabilidad, etc. por Gonzalo de Arriaga.
260 ## - PUBLICACIÓN, DISTRIBUCIÓN, ETC.
Lugar de publicación, distribución, etc. Burgos :
Nombre del editor, distribuidor, etc. Institución Fernán González,
Fecha de publicación, distribución, etc. 1972.
300 ## - DESCRIPCIÓN FÍSICA
Extensión 1 v. ;
Dimensiones 22 cm.
505 8# - NOTA DE CONTENIDO CON FORMATO
Nota de contenido con formato Contiene: V. I.
710 2# - ENTRADA AGREGADA--NOMBRE DE ENTIDAD CORPORATIVA
Nombre de entidad corporativa o nombre de jurisdicción como elemento de entrada Institución Fernán González.
9 (RLIN) 4720
852 ## - LOCALIZACIÓN
Ubicación ES-MaACL
Número de control de estantería P-1699
Sublocalización o colección R.84583
Holdings
Estatus retirado Estado de pérdida Estado de daño No para préstamo Biblioteca de origen Biblioteca actual Ubicación en estantería Fecha de adquisición Fuente de adquisición Total de préstamos Signatura topográfica completa Código de barras Visto por última vez Precio de reemplazo Tipo de ítem Koha
        Biblioteca del Ateneo de Madrid Biblioteca del Ateneo de Madrid Depósito 2 17/01/2008     P-1699 1027712 23/02/2023 23/02/2023 Libro impreso